[Event "EU-ch 22nd"]
[Site "Terme Catez"]
[Date "2022.04.03"]
[Round "8"]
[White "Dalaud, Dorian"]
[Black "Gramb, Marius"]
[Result "1-0"]
[WhiteElo "2293"]
[BlackElo "2107"]
[PlyCount "89"]
[EventDate "2022.03.27"]
[EventType "swiss"]
[EventRounds "11"]
[EventCountry "SLO"]
[SourceTitle "CBM 208"]
[Source "ChessBase"]
[SourceDate "2022.06.30"]
[SourceVersion "1"]
[SourceVersionDate "2022.06.30"]
[SourceQuality "1"]

1. e4 c6 2. d4 d5 3. e5 Bf5 4. Nd2 e6 5. Nb3 a6 6. Nf3 c5 7. dxc5 Bxc5 8. Nxc5 Qa5+ 9. c3 Qxc5 10. Nd4 Ne7 11. Qa4+ Nbc6 12. Be3 Qa5 13. Qxa5 Nxa5 14. Nxf5 Nxf5 15. Bb6 Nc4 16. Bxc4 dxc4 17. a4 Ne7 18. a5 Nd5 19. Bd4 f6 20. exf6 gxf6 21. 0-0-0 Rg8 22. g3 Kf7 23. Rhe1 f5 24. f3 h5 25. Bf2 Rac8 26. Rd4 Rc6 27. Rh4 Kg6 28. Kc2 Rgc8 29. Bd4 b5 30. axb6 Nxb6 31. h3 Nd5 32. g4 hxg4 33. hxg4 Kg5 34. Rh5+ Kf4 35. gxf5 exf5 36. Re5 Nc7 37. Rexf5+ Kg3 38. Be5+ Kf2 39. Rh2+ Kf1 40. Bxc7 R8xc7 41. Rd5 Kg1 42. Re2 Kf1 43. Kd1 Rh7 44. Rdd2 Rf6 45. Re1# 1-0

[Event "EU-ch 22nd"]
[Site "Terme Catez"]
[Date "2022.03.31"]
[Round "5"]
[White "Stoyanov, Tsvetan"]
[Black "Dalaud, Dorian"]
[Result "1-0"]
[WhiteElo "2424"]
[BlackElo "2293"]
[PlyCount "101"]
[EventDate "2022.03.27"]
[EventType "swiss"]
[EventRounds "11"]
[EventCountry "SLO"]
[SourceTitle "CBM 208"]
[Source "ChessBase"]
[SourceDate "2022.06.30"]
[SourceVersion "1"]
[SourceVersionDate "2022.06.30"]
[SourceQuality "1"]

1. e4 c5 2. Nf3 Nc6 3. Bb5 g6 4. 0-0 Bg7 5. Re1 e5 6. b4 Nxb4 7. Bb2 a6 8. a3 axb5 9. axb4 Rxa1 10. Bxa1 d6 11. bxc5 Ne7 12. Qe2 b4 13. Qb5+ Nc6 14. d4 dxc5 15. d5 Qa5 16. Qxa5 Nxa5 17. Bxe5 f6 18. Bd6 b6 19. Bc7 Nc4 20. Nfd2 Kd7 21. Bg3 Na5 22. Nf1 Re8 23. Nbd2 c4 24. Ne3 Ba6 25. e5 fxe5 26. Ne4 b3 27. Ng4 bxc2 28. Rc1 Re7 29. Rxc2 h5 30. Ne3 Bh6 31. d6 Rf7 32. Nd5 Kc6 33. Ne7+ Rxe7 34. dxe7 Kd7 35. Nf6+ Kxe7 36. Ng8+ Kf7 37. Nxh6+ Kg7 38. Bxe5+ Kxh6 39. Bc7 Nc6 40. Bxb6 Nb4 41. Be3+ Kg7 42. Rb2 Nd5 43. Ra2 Bc8 44. Bd4+ Kf7 45. Ra4 Bf5 46. Rxc4 Nf4 47. Be3 Nd5 48. Bg5 Ke6 49. f3 Bd3 50. Rc5 Bf5 51. Kf2 1-0

[Event "Sitges Sunway op 8th"]
[Site "Sitges"]
[Date "2021.12.17"]
[Round "5"]
[White "Dalaud, Dorian"]
[Black "Vrolijk, Liam"]
[Result "1/2-1/2"]
[WhiteElo "2275"]
[BlackElo "2473"]
[PlyCount "76"]
[EventDate "2021.12.13"]
[EventType "swiss"]
[EventRounds "10"]
[EventCountry "ESP"]
[SourceTitle "CBM 205 Extra"]
[Source "ChessBase"]
[SourceDate "2022.01.31"]
[SourceVersion "1"]
[SourceVersionDate "2022.01.31"]
[SourceQuality "1"]

1. e4 e5 2. Nf3 Nc6 3. Bb5 a6 4. Bxc6 dxc6 5. Nc3 f6 6. d4 exd4 7. Qxd4 Qxd4 8. Nxd4 Bd7 9. Be3 0-0-0 10. f3 h5 11. h4 Nh6 12. Kf2 Nf7 13. Rad1 Ne5 14. b3 g6 15. Nde2 Bb4 16. Na4 b6 17. Nb2 Be6 18. Nf4 Bf7 19. Rxd8+ Rxd8 20. Rd1 Rxd1 21. Nxd1 Kd7 22. Nb2 a5 23. Nbd3 Nxd3+ 24. Nxd3 Bc3 25. Ke2 c5 26. Bd2 Bxd2 27. Kxd2 c4 28. Nb2 cxb3 29. axb3 Kd6 30. Kc3 b5 31. Kd3 Be8 32. f4 Bc6 33. Kd4 Bd7 34. c4 c5+ 35. Kc3 b4+ 36. Kd3 Bg4 37. g3 Bd7 38. Ke3 Bg4 1/2-1/2

[Event "Sitges Sunway op 8th"]
[Site "Sitges"]
[Date "2021.12.16"]
[Round "4"]
[White "Dann, Matthias"]
[Black "Dalaud, Dorian"]
[Result "1-0"]
[WhiteElo "2482"]
[BlackElo "2275"]
[PlyCount "53"]
[EventDate "2021.12.13"]
[EventType "swiss"]
[EventRounds "10"]
[EventCountry "ESP"]
[SourceTitle "CBM 205 Extra"]
[Source "ChessBase"]
[SourceDate "2022.01.31"]
[SourceVersion "1"]
[SourceVersionDate "2022.01.31"]
[SourceQuality "1"]

1. Nf3 c5 2. g3 Nc6 3. Bg2 d5 4. d4 Nf6 5. 0-0 e6 6. c4 dxc4 7. dxc5 Qxd1 8. Rxd1 Bxc5 9. Nbd2 Ng4 10. Nxc4 Ke7 11. e3 e5 12. Rd5 Bb6 13. b3 Be6 14. Ba3+ Kf6 15. Rb5 Bxc4 16. bxc4 Na5 17. c5 Bc7 18. Bb4 b6 19. cxb6 axb6 20. Rc1 Rhc8 21. h3 Nh6 22. g4 Ng8 23. Rxa5 bxa5 24. Rc6+ Bd6 25. Rxd6+ Ke7 26. Ba3 f6 27. Nxe5 1-0

[Event "Avoine op 35th"]
[Site "Avoine"]
[Date "2021.07.18"]
[Round "8.8"]
[White "Boulos, Carlos"]
[Black "Dalaud, Dorian"]
[Result "0-1"]
[WhiteElo "2166"]
[BlackElo "2220"]
[PlyCount "104"]
[EventDate "2021.07.18"]
[EventType "swiss"]
[EventRounds "9"]
[EventCountry "FRA"]
[SourceTitle "EXT 2023"]
[Source "ChessBase"]
[SourceDate "2022.10.05"]
[SourceVersion "1"]
[SourceVersionDate "2022.10.05"]
[SourceQuality "1"]

1. e4 g6 2. d4 Bg7 3. Nc3 a6 4. f4 d5 5. e5 h5 6. Qf3 Nc6 7. Qxd5 Nxd4 8. Qxd8+ Kxd8 9. Bd3 Bf5 10. Be3 Bxd3 11. Bxd4 Bxc2 12. Rc1 Bf5 13. Nd5 c6 14. Bb6+ Kd7 15. Nc7 Rf8 16. Nf3 e6 17. Rd1+ Kc8 18. 0-0 Ne7 19. Rd6 Be4 20. b4 Nf5 21. Rd2 Bxf3 22. Rxf3 Rd8 23. Rfd3 Rxd3 24. Rxd3 g5 25. g3 gxf4 26. gxf4 Bh6 27. a4 Bxf4 28. Ba5 Be3+ 29. Kf1 b6 30. Bxb6 Bxb6 31. Nxa6 Kb7 32. b5 Bd4 33. Nb4 c5 34. Nc6 Rg8 35. Rh3 Rg1+ 36. Ke2 h4 37. a5 Ra1 38. Nd8+ Kc7 39. Nc6 Ra2+ 40. Kd1 Ne3+ 41. Kc1 Rc2+ 42. Kb1 Rb2+ 43. Kc1 Rxb5 44. Nxd4 cxd4 45. Rxh4 Nf5 46. Rh7 Rxa5 47. Rxf7+ Kc6 48. Rh7 Kd5 49. h4 Kxe5 50. h5 Ra1+ 51. Kd2 Rh1 52. Rh8 Ke4 0-1